000 00592nam a2200181 4500
001 127221
003 ES-MaACL
007 t|
008 070214s1973 sp r ||||1| spa d
100 1 _aRico, José Antonio.
_997015
245 1 0 _aTeología seglar salesiana /
_cJosé A. Rico, José Aubry.
250 _a2ª ed.
260 _aMadrid :
_bDelegación Nacional de Cooperadores Salesianos,
_c1973.
300 _a262 p. ;
_c20 cm.
700 1 _aAubry, José.
_923826
710 2 _aAsociación de Cooperadores Salesianos.
_bDelegación Nacional.
_91576
852 _aES-MaACL
_jE-7784
_bR.91790
999 _c127221
_d127221